The role of Hong Kong in the cultural interchange between East and West, Volume-2. (Record no. 21385)
[ view plain ]
| 000 -LEADER | |
|---|---|
| fixed length control field | 01270cam a2200337 4500 |
| 001 - CONTROL NUMBER | |
| control field | 2710169 |
| 003 - CONTROL NUMBER IDENTIFIER | |
| control field | BDDh-ASL |
| 005 - DATE AND TIME OF LATEST TRANSACTION | |
| control field | 20231015030006.0 |
| 008 - FIXED-LENGTH DATA ELEMENTS--GENERAL INFORMATION | |
| fixed length control field | 900927s1963 ch ach b 000 0 eng |
| 010 ## - LIBRARY OF CONGRESS CONTROL NUMBER | |
| LC control number | 76230427 |
| 040 ## - CATALOGING SOURCE | |
| Original cataloging agency | DLC |
| Transcribing agency | DLC |
| Modifying agency | DLC |
| -- | BDDh-ASL |
| 041 1# - LANGUAGE CODE | |
| Language code of text/sound track or separate title | eng |
| Language code of original | chi |
| 043 ## - GEOGRAPHIC AREA CODE | |
| Geographic area code | a-cc--- |
| -- | a-hk--- |
| -- | e------ |
| 050 00 - LIBRARY OF CONGRESS CALL NUMBER | |
| Classification number | DS796.H7 |
| Item number | L593 1963 |
| 082 00 - DEWEY DECIMAL CLASSIFICATION NUMBER | |
| Classification number | 327.5125 |
| Item number | LIR |
| 100 1# - MAIN ENTRY--PERSONAL NAME | |
| Personal name | Lo, Hsiang-lin, |
| Dates associated with a name | 1905-1978. |
| 240 10 - UNIFORM TITLE | |
| Uniform title | Hsiang-kang yü Chung hsi wên hua chih chiao liu. |
| Language of a work | English. |
| 245 14 - TITLE STATEMENT | |
| Title | The role of Hong Kong in the cultural interchange between East and West, Volume-2. |
| 260 ## - PUBLICATION, DISTRIBUTION, ETC. | |
| Place of publication, distribution, etc. | Tokyo, |
| Name of publisher, distributor, etc. | Center for East Asian Cultural Studies, |
| Date of publication, distribution, etc. | 1963. |
| 300 ## - PHYSICAL DESCRIPTION | |
| Extent | 195-289, 56 p.: |
| Other physical details | illus., facsims., port. |
| Dimensions | 19 cm. |
| 440 #0 - SERIES STATEMENT/ADDED ENTRY--TITLE | |
| Title | East Asian cultural studies series, |
| Volume/sequential designation | no. 6-7 |
| 500 ## - GENERAL NOTE | |
| General note | Translation of: Hsiangkang yü Chung hsi wên hua chih chiao liu |
| 504 ## - BIBLIOGRAPHY, ETC. NOTE | |
| Bibliography, etc. note | Includes bibliographical references. |
| 650 #0 - SUBJECT ADDED ENTRY--TOPICAL TERM | |
| 9 (RLIN) | 2973 |
| Topical term or geographic name entry element | Internatioal Relation |
| 651 #0 - SUBJECT ADDED ENTRY--GEOGRAPHIC NAME | |
| Geographic name | Hong Kong (China) |
| General subdivision | Relations |
| Geographic subdivision | China. |
| 651 #0 - SUBJECT ADDED ENTRY--GEOGRAPHIC NAME | |
| Geographic name | China |
| General subdivision | Relations |
| Geographic subdivision | China |
| -- | Hong Kong. |
| 651 #0 - SUBJECT ADDED ENTRY--GEOGRAPHIC NAME | |
| Geographic name | Hong Kong (China) |
| General subdivision | Relations |
| Geographic subdivision | Europe. |
| 651 #0 - SUBJECT ADDED ENTRY--GEOGRAPHIC NAME | |
| Geographic name | Europe |
| General subdivision | Relations |
| Geographic subdivision | China |
| -- | Hong Kong. |
| 906 ## - LOCAL DATA ELEMENT F, LDF (RLIN) | |
| a | 7 |
| b | cbc |
| c | orignew |
| d | 4 |
| e | ncip |
| f | 19 |
| g | y-gencatlg |
| 942 ## - ADDED ENTRY ELEMENTS (KOHA) | |
| Source of classification or shelving scheme | Dewey Decimal Classification |
| Koha item type | Books |
| Withdrawn status | Lost status | Source of classification or shelving scheme | Damaged status | Not for loan | Collection code | Home library | Current library | Shelving location | Date acquired | Source of acquisition | Serial Enumeration / chronology | Total Checkouts | Full call number | Barcode | Date last seen | Copy number | Price effective from | Koha item type |
|---|---|---|---|---|---|---|---|---|---|---|---|---|---|---|---|---|---|---|
| Dewey Decimal Classification | Non-fiction | Asiatic Society Library | Asiatic Society Library | General Stacks | 01/30/2021 | ASB Collection | V-2 | 327.5125 LIR | 105093 | 01/30/2021 | C-1 | 01/30/2021 | Books |